Časový horizont využívania daňových rajov

História off shore podnikania v zmysle využívania legislatívy krajín, ktoré ponúkajú preferenčný daňový režim pre zahraničné subjekty. Polovica 80. rokov a zavedenie tzv. IBC spoločností, t.j. spoločností, ktoré sú zakladané v teritóriách v prospech nerezidentov, môžu podnikať len s inými nerezident...

ver descrição completa

Na minha lista:
Detalhes bibliográficos
Autor principal: Simonidesová, Jana, 1968-
Formato: Capítulo de Livro
Idioma:eslovaco
Assuntos:
Tags: Adicionar Tag
Sem tags, seja o primeiro a adicionar uma tag!

MARC

LEADER 00000naa$a2200000$$$4500
001 0033613
005 20221207121538.4
041 0 |a slo 
044 |a SK 
245 1 0 |a Časový horizont využívania daňových rajov  |c Jana Simonidesová 
520 |a História off shore podnikania v zmysle využívania legislatívy krajín, ktoré ponúkajú preferenčný daňový režim pre zahraničné subjekty. Polovica 80. rokov a zavedenie tzv. IBC spoločností, t.j. spoločností, ktoré sú zakladané v teritóriách v prospech nerezidentov, môžu podnikať len s inými nerezidentami a sú minimálne regulované. Špeciálne daňové režimy a off shore teritóriá. Zoznam OECD obsahuje 50 krajín, ktoré nemajú dostatočnú legislatívu v oblasti prania špinavých peňazí. Využívanie off shore centier organizovaným zločinom. Vyhliadky na zmeny v odvetví off shore podnikania v dôsledku globalizácie svetového obchodu a financií. 
610 2 0 |a raje daňové 
610 2 0 |a offshore 
610 2 0 |a podnikanie 
610 2 0 |a spoločnosti off shore 
610 2 0 |a zvýhodnenie daňové 
610 2 0 |a nerezidenti 
610 2 0 |a pohyb kapitálu 
610 2 0 |a globalizácia 
610 2 0 |a obchod svetový 
100 1 |a Simonidesová, Jana, 1968-